<?xml version="1.0" encoding="UTF-8"?>
<record
    xmlns:xsi="http://www.w3.org/2001/XMLSchema-instance"
    xsi:schemaLocation="http://www.loc.gov/MARC21/slim http://www.loc.gov/standards/marcxml/schema/MARC21slim.xsd"
    xmlns="http://www.loc.gov/MARC21/slim">

  <leader>00255nam a22000737a 4500</leader>
  <controlfield tag="008">140619b        xxu||||| |||| 00| 0 eng d</controlfield>
  <datafield tag="020" ind1=" " ind2=" ">
    <subfield code="c">Available</subfield>
  </datafield>
  <datafield tag="245" ind1=" " ind2=" ">
    <subfield code="a">Thesis:Computational Study of Structural Electronic &amp; Mechanical Properties of Pervoskites  </subfield>
    <subfield code="c">Ishtiq Ahmad</subfield>
  </datafield>
  <datafield tag="999" ind1=" " ind2=" ">
    <subfield code="c">24681</subfield>
    <subfield code="d">24681</subfield>
  </datafield>
  <datafield tag="952" ind1=" " ind2=" ">
    <subfield code="0">0</subfield>
    <subfield code="1">0</subfield>
    <subfield code="2">ddc</subfield>
    <subfield code="4">0</subfield>
    <subfield code="7">0</subfield>
    <subfield code="a">RCMS</subfield>
    <subfield code="b">RCMS</subfield>
    <subfield code="c">GEN</subfield>
    <subfield code="d">2014-06-19</subfield>
    <subfield code="l">2</subfield>
    <subfield code="p">RCMS002678</subfield>
    <subfield code="r">2014-10-13</subfield>
    <subfield code="s">2014-09-05</subfield>
    <subfield code="w">2014-06-19</subfield>
    <subfield code="y">BK</subfield>
  </datafield>
  <datafield tag="952" ind1=" " ind2=" ">
    <subfield code="0">0</subfield>
    <subfield code="1">0</subfield>
    <subfield code="2">ddc</subfield>
    <subfield code="4">0</subfield>
    <subfield code="7">0</subfield>
    <subfield code="a">CL</subfield>
    <subfield code="b">CL</subfield>
    <subfield code="c">THE</subfield>
    <subfield code="d">2019-09-17</subfield>
    <subfield code="l">0</subfield>
    <subfield code="o">621.001</subfield>
    <subfield code="p">CL-T-3531</subfield>
    <subfield code="r">2022-05-23</subfield>
    <subfield code="w">2019-09-17</subfield>
  </datafield>
</record>
